000
00317nam a2200133Ia 4500
008
190216s9999||||xx |||||||||||||| ||und||
100
_a
Thankappan V K
245
0
_a
Quantum Mechanics
250
_a
2ND EDN
260
_b
New Age International Publishers
_c
2004
300
_a
539
650
_a
Mechanics
942
_c
BK
999
_c
33513
_d
33513